Szczegóły MARC21

(Żyć) na marginesie wielkiego miasta /

003 -Nazwa inst., której nr kontr. jest w polu 001 [,]
    • @
    • Nazwa instytucji, której n kontrolny jest w polu 001
    • NUKAT
005 -DATA I CZAS OSTATNIEJ MODYFIKACJI [,]
    • @
    • pole kontrolne
    • 20241231104632.0
020 -Międzynarod. znormalizowany nr książki - ISBN [ , ]
    • a
    • Numer ISBN
    • 8391249107 Find
040 -Instytucja sporządzająca opis [ , ]
    • a
    • Instytucja, która sporządziła opis (NP)
    • GD U/2GT
    • c
    • Instytucja, która sporządziła rekord (NP)
    • GD U/2GT
    • d
    • Instytucja, która zmodyfikowała rekord (P)
    • GD U/AJ
    • d
    • Instytucja, która zmodyfikowała rekord (P)
    • GD U/2GTs
    • d
    • Instytucja, która zmodyfikowała rekord (P)
    • WA U/MAD
    • d
    • Instytucja, która zmodyfikowała rekord (P)
    • SZCZ U/JS
041 -Język dokumentu [0, ]
    • a
    • Język tekstu (P)
    • polski
    • b
    • Język streszczeń lub abstraktu (P)
    • angielski
942 -Rodzaj dokumentu [ , ]
    • c
    • Rodzaj dokumentu
    • Książka
245 -Strefa tytułu i oznaczenia odpowiedzialności [0,0]
    • a
    • Tytuł
    • (Żyć) na marginesie wielkiego miasta / Find
    • c
    • Pozostałe elementy strefy tytułu i oznaczenia odpowiedzialności (NP)
    • pod red. Wielisławy Warzywody-Kruszyńskiej ; [aut. W. Warzywoda-Kruszyńska et al.].
260 -Strefa adresu wydawniczego [ , ]
    • a
    • Miejsce wydania (P)
    • Łódź :
    • b
    • Nazwa wydawcy (P)
    • Instytut Socjologii Uniwersytetu Łódzkiego,
    • c
    • Data wydania (P)
    • 1999.
300 -Strefa opisu fizycznego [ , ]
    • a
    • Określenie formy książki i/lub objętość (NP)
    • 270 s. :
    • b
    • Oznaczenie ilustracji (NP)
    • fot. ;
    • c
    • Format (NP)
    • 24 cm.
336 -Typ zawartości [ , ]
    • a
    • Termin opisujący typ zawartości
    • Tekst
    • b
    • Kod określający zawartość
    • txt
    • 2
    • Źródło (terminu i kodu)
    • rdacontent
337 -Typ mediów [ , ]
    • a
    • Tryb odtwarzania
    • Bez urządzenia pośredniczącego
    • b
    • Kod typu mediów
    • n
    • 2
    • Źródło (terminu i kodu)
    • rdamedia
338 -Typ/rodzaj nośnika [ , ]
    • a
    • Hasło opisujące typ nośnika
    • Wolumin
    • b
    • Kod typu nośnika
    • nc
    • 2
    • Źródło (terminu i kodu)
    • rdacarrier
504 -Uwaga dot. bibliogr. załącznikowej [ , ]
    • a
    • Uwaga dot. bibliografii załącznikowej
    • Bibliogr. s. 251-253 i przy rozdz.
546 -Uwaga dot. języka [ , ]
    • a
    • Uwaga dot. języka
    • Streszcz. i spis treści ang.
080 -Uniwersalna Klasyfikacja Dziesiętna [ , ]
    • a
    • Symbol klasyfikacji
    • 316.334.56
    • 2
    • Identyfikator wydania tablic
    • UDC-P058
    • 9
    • UKD
    • 2780
    • b
    • Dopowiedzenie
    • Społeczności miejskie. Socjologia miasta.
    • 4
    • UKD2
    • 7642
    • x
    • Poddział wspólny
    • (438)
    • c
    • Dopowiedzenie poddz. wspólnego
    • (Polska).
    • 4
    • UKD2
    • 7992
    • x
    • Poddział wspólny
    • "1989/..."
    • c
    • Dopowiedzenie poddz. wspólnego
    • Od 1989.
080 -Uniwersalna Klasyfikacja Dziesiętna [ , ]
    • a
    • Symbol klasyfikacji
    • 364.6
    • 2
    • Identyfikator wydania tablic
    • UDC-P058
    • 9
    • UKD
    • 3783
    • b
    • Dopowiedzenie
    • Problemy społeczne wymagające pomocy społecznej. Deprawacja społeczna. Marginalizacja społeczna. Równość szans. Problemy zdrowia psychicznego. Problemy emocjonalne. Izolacja społeczna. Rozpad społeczny. Bezpieczeństwo socjalne. Ubóstwo. Zadłużenie. Szanse edukacyjne. Warunki mieszkaniowe. Problemy opieki zdrowotnej.
    • 4
    • UKD2
    • 7642
    • x
    • Poddział wspólny
    • (438)
    • c
    • Dopowiedzenie poddz. wspólnego
    • (Polska).
    • 4
    • UKD2
    • 7992
    • x
    • Poddział wspólny
    • "1989/..."
    • c
    • Dopowiedzenie poddz. wspólnego
    • Od 1989.
650 -Hasło przedmiotowe [ ,7]
    • a
    • Hasło przedmiotowe
    • Ubodzy w środowisku miejskim
    • z
    • Określnik geograficzny
    • Polska
    • z
    • Określnik geograficzny
    • Łódź.
    • 2
    • Źródło terminu
    • kaba
    • 9
    • KHW
    • 350851
651 -Hasło przedmiotowe w formie nazwy geograficznej [ ,7]
    • a
    • Nazwa geograficzna
    • Łódź (Polska)
    • x
    • Określnik rzeczowy
    • sytuacja społeczna
    • y
    • Określnik chronologiczny
    • 1990-.
    • 2
    • Źródło terminu
    • kaba
    • 9
    • KHW
    • 350846
980 -Symbol UKD [ , ]
    • a
    • UKD
    • 316.334.56:364.6](438)"1989/..." Łódź
700 -Hasło dodatkowe - nazwa osobowa [1, ]
    • a
    • Nazwa osobowa (NP)
    • Warzywoda-Kruszyńska, Wielisława Find
    • d
    • Daty biograficzne (NP)
    • (1944- ).
    • e
    • Określenie rodzaju współpracy
    • Red.
    • 9
    • KHW
    • 21299
710 -Hasło dodatkowe - nazwa ciała zbiorowego [2, ]
    • a
    • Nazwa ciała zbiorowego lub nazwa geograficzna jako pierwszy element (NP)
    • Uniwersytet Łódzki.
    • b
    • Nazwa jednostki podrzędnej (P)
    • Instytut Socjologii.
    • 4
    • Kod relacji
    • pbl
    • 9
    • KHW
    • 99633
920 -ISBN [ , ]
    • a
    • ISBN
    • 83-912491-0-7 Find
Numer inwentarzowy Status udost. Data inwentaryzacji Lokalizacja
Pd.1389712001-03-08BG
F.3031212001-03-08BNS